A bibliography of Indian archaeology : (Record no. 79059)

MARC details
000 -LEADER
fixed length control field 00896nam a22002417a 4500
005 - DATE AND TIME OF LATEST TRANSACTION
control field 20140219113929.0
010 ## - LCCN (DPL NO)
LC control number ENG-108471
020 ## - INTERNATIONAL STANDARD BOOK NUMBER
Terms of availability 300.00
035 ## - SYSTEM CONTROL NUMBER
System control number EN-92004
037 ## - SOURCE OF ACQUISITION
Source of stock number/acquisition DBAD/PUB
082 ## - DEWEY DECIMAL CLASSIFICATION NUMBER
Classification number 016.934
100 ## - MAIN ENTRY--PERSONAL NAME
Personal name Misra, V. N.
245 ## - TITLE STATEMENT
Title A bibliography of Indian archaeology :
Remainder of title prehistoric, protohistoric, and early historic periods /
Statement of responsibility, etc by V.N. Misra [and] A.K. Kanungo
260 ## - PUBLICATION, DISTRIBUTION, ETC. (IMPRINT)
Place of publication, distribution, etc New Delhi
Name of publisher, distributor, etc Archaeological Survey of India
Date of publication, distribution, etc 2011
270 ## - ADDRESS
City New Delhi
Address Archaeological Survey of India
300 ## - PHYSICAL DESCRIPTION
Extent xvi, 417p.
Dimensions 28cm(Hb)
500 ## - GENERAL NOTE
General note Includes indexes
500 ## - GENERAL NOTE
General note "Published on the occassion of celebration of 150 years of the Archaeological Survey of India"
650 ## - SUBJECT ADDED ENTRY--TOPICAL TERM
Topical term or geographic name as entry element Archaeology and history
Geographic subdivision India
Form subdivision Bibliography.
700 ## - ADDED ENTRY--PERSONAL NAME
Personal name Kanungo, Alok Kumar
710 ## - ADDED ENTRY--CORPORATE NAME
Corporate name or jurisdiction name as entry element Archaeological Survey of India.
942 ## - ADDED ENTRY ELEMENTS (KOHA)
Source of classification or shelving scheme Dewey Decimal Classification
Item type English Books
Call number suffix MIS
Classification part 016.934
Holdings
Withdrawn status Lost status Not for loan Collection code Home library Current library Date acquired Source of acquisition Cost, normal purchase price Full call number Barcode Copy number Cost, replacement price Koha item type
    Not For Loan Non-fiction D.B.Act.Division D.B.Act.Division 04/09/2013 DBAD / PUB 300.00 016.934 MIS EN-92004 1 300.00 English Books

© Delhi Public Library
Hit Counter
free hit counter